00393 a2200157 4500003000400000005001700004008004100021020001800062040000900080082002000089100003000109245004100139250001200180260003300192300001000225OSt20231214095705.0231213b |||||||| |||| 00| 0 eng d a9789353903282 coclc a894.8123bBAS/T aBasheer, Vaikom Muhammad  aThenmaavu /cVaikom Muhammad Basheer a6th ed. aKottayam:bD C Books,c2023. a152p.